LEADER 00586nam a2200169 i 4500 001 000000251131 003 CaOOAMICUS 005 20160907000000.0 008 160907s1876 it u000 u fre u 013 $a230036 040 $aSeMil$bita 245 10$aTome 2. 300 $a439 p. 773 0 $aLa Guéronnière, Louis Étienne Arthur : Dubreuil-Helion$tDroit public et l'Europe moderne.$dParis : Hachette et C., 1876.$g2$w()33365 850 $aSeMil 852 $aSeMil$W1$xVenegono$y1$m3L IV 18 FA$j201477$B201477$CSeMilBibl$Z2$F213395 $8I 996 $6245$aTome 2$9(OLS)http://semarc/title/1533 LEADER 01300nam a2200229 i 4500 001 000000021177 003 CaOOAMICUS 005 20250825115948.0 008 180830s19581987xxk u000 u mul u 040 $aSeMil$bita 100 1 $aSeneca, Lucius Anneus,$d<4 a.C.-65 d.C.>.$0(OLS)http://semarc/name/764 245 10$aSeneca :$bin ten volumes. 264 1$aCambridge, Massachusetts :$bHarvard University Press ;$aLondon :$bHeinemann,$c1958-1987. 300 $av. ;$c17 cm. 546 $aTesto in inglese e latino 774 0 $aSeneca, Lucius Anneus <4 a.C.-65 d.C.>$tMoral essays.$dCambridge, Massachusetts : Harvard University Press ; London : Heinemann, 1958-1985.$w()1271 774 0 $aSeneca, Lucius Anneus <4 a.C.-65 d.C.>$tAd Lucilium epistulae morales.$dCambridge, Massachusetts : Harvard University Press ; London : Heinemann, 1970-$w()21186 774 0 $aSeneca, Lucius Anneus <4 a.C.-65 d.C.>$tTragedies.$dCambridge, Massachusetts : Harvard University Press ; London : Heinemann, 1979-1987.$w()21178 996 $6245$aSeneca :$bin ten volumes$9(OLS)http://semarc/title/27987 996 $6264$aCambridge, Massachusetts :$bHarvard University Press$9(OLS)http://semarc/publisher/30206 996 $6264$aLondon :$bHeinemann$9(OLS)http://semarc/publisher/58753